Estadística Panameña, situación económica: hacienda pública/
Guardat en:
| Autor corporatiu: | |
|---|---|
| Format: | Llibre |
| Idioma: | Spanish |
| Publicat: |
Panamá:
Dirección de Estadística y Censos
|
| Matèries: | |
| Etiquetes: |
Afegir etiqueta
Sense etiquetes, Sigues el primer a etiquetar aquest registre!
|
MARC
| LEADER | 00000nam a22000007a 4500 | ||
|---|---|---|---|
| 003 | cru CIDCACS/IIS | ||
| 005 | 20210311062542.0 | ||
| 007 | ta | ||
| 008 | 190314n pn |||p|r|||||||| ||spa|d | ||
| 999 | |c 42246 |d 42246 | ||
| 022 | |a 10174273 | ||
| 040 | |c cru CIDCACS/IIS | ||
| 090 | |a REV1364 | ||
| 110 | 1 | |9 8381 |a República de Panamá. |b Dirección de Estadística y Censos | |
| 245 | 1 | |a Estadística Panameña, situación económica: |b hacienda pública/ |c Dirección de Estadística y Censos | |
| 260 | |a Panamá: |b Dirección de Estadística y Censos | ||
| 500 | |a EXISTENCIAS : 1995 (ene.-feb., jun.,sep.) | ||
| 500 | |a 1995 (AÑO 1991 EL 1º AÑO 1992 EL 2º) | ||
| 650 | 0 | |a HACIENDA PUBLICA |9 3073 | |
| 650 | 0 | |9 5535 |a ESTADISTICAS ECONOMICAS | |
| 651 | 0 | |9 353 |a PANAMA | |
| 942 | |2 ddc |c PP | ||
